MARC

Tag First Indicator Second Indicator Subfields
LEADER 00000cam a2200000 4500
001 in00003461213
005 20151206104249.0
008 770920s1911 nyu 00010 eng
010 |a  11001017  
035 |a (OCoLC)ocm03281093 
040 |a DLC  |c SNN  |d TNY  |d UtOrBLW 
090 |a PN6014  |b .W2 
100 1 |a Waite, Alice Vinton. 
245 1 0 |a Modern masterpieces of short prose fiction /  |c ed., with introduction and notes by Alice Vinton Waite, and Edith Mendall Taylor. 
264 1 |a New York :  |b D. Appleton,  |c 1911. 
300 |a xxi, 408 pages ;  |c 20 cm. 
336 |a text  |b txt  |2 rdacontent 
337 |a unmediated  |b n  |2 rdamedia 
338 |a volume  |b nc  |2 rdacarrier 
505 0 |a A living relic, by I. Turgenev.--The death of the Dauphin, by A. Daudet.--Leeby and Jamie, by J. Barrie.--The hunter, by Olive Schreiner.--Uncle Remus. His songs and his sayings, by J. C. Harris.--An episode under the terror, by H. de Balzac.--The Venus of Ille, by P. Mérimée.--The purloined letter, by E. A. Poe.--Rappaccini's daughter, by N. Hawthorne.--The man without a country, by E. E. Hale.--Master and man, by L. Tolstoi.--The piece of string, by G. de Maupassant.--The merry men, by R. L. Stevenson.--Brooksmith, by H. James.--The man who would be king, by R. Kipling.--The doll's house, by H. Ibsen. 
650 0 |a Short stories. 
700 1 |a Taylor, Edith Mendall,  |d 1874- 
700 1 2 |a Turgenev, Ivan Sergeevich,  |d 1818-1883.  |t Zhivye moshchi.  |l English. 
700 1 2 |a Daudet, Alphonse,  |d 1840-1897.  |t Mort du dauphin.  |l English. 
700 1 2 |a Barrie, J. M.  |q (James Matthew),  |d 1860-1937.  |t Leeby and Jamie. 
700 1 2 |a Schreiner, Olive,  |d 1855-1920.  |t Hunter. 
700 1 2 |a Harris, Joel Chandler,  |d 1848-1908.  |t Uncle Remus. 
700 1 2 |a Balzac, Honoré de,  |d 1799-1850.  |t Épisode sous la terreur.  |l English. 
700 1 2 |a Mérimée, Prosper,  |d 1803-1870.  |t Venus d'Ille.  |l English. 
700 1 2 |a Poe, Edgar Allan,  |d 1809-1849.  |t Purloined letter. 
700 1 2 |a Hawthorne, Nathaniel,  |d 1804-1864.  |t Rappaccini's daughter. 
700 1 2 |a Hale, Edward Everett,  |c Sr.,  |d 1822-1909.  |t Man without a country. 
700 1 2 |a Tolstoy, Leo,  |c graf,  |d 1828-1910.  |t Khozi︠a︡in i rabotnik.  |l English. 
700 1 2 |a Maupassant, Guy de,  |d 1850-1893.  |t Ficelle.  |l English. 
700 1 2 |a Stevenson, Robert Louis,  |d 1850-1894.  |t Merry men. 
700 1 2 |a James, Henry,  |d 1843-1916.  |t Brooksmith. 
700 1 2 |a Kipling, Rudyard,  |d 1865-1936.  |t Man who would be king. 
700 1 2 |a Ibsen, Henrik,  |d 1828-1906.  |t Dukkehjem.  |l English. 
999 |a MARS 
999 f f |s 0e380305-174c-3bb8-aba5-2e71b09f007d  |i 2d0950c2-c032-31c0-b453-5f8bf4749b86  |t 0 
952 f f |p ric  |a Texas A&M University  |b Rellis Campus  |c Joint Library Facility  |d Remote Storage  |t 0  |e PN6014 .W2  |h Library of Congress classification  |i unmediated -- volume  |m 32060000662136 
998 f f |a PN6014 .W2  |t 0  |l Remote Storage